| 000 | 00441nam a22001697a 4500 | ||
|---|---|---|---|
| 003 | CEME | ||
| 005 | 20210628210249.0 | ||
| 008 | 210216b xxu||||| |||| 00| 0 eng d | ||
| 040 | _c. | ||
| 082 | _a297.64 HAB | ||
| 100 |
_aHabib-Ur-Rehman, Qazi Qazi Habib-Ur-Rehman _978787 |
||
| 245 | _aAshra mubashra | ||
| 260 |
_aLAHORE _bMAKTAB MADINA _c1995 |
||
| 300 | _a157P | ||
| 650 |
_aISLAM-BIOGRAPHY-ASHRA MUBASHRA _978788 |
||
| 942 |
_cBK _2ddc |
||
| 999 |
_c583865 _d583865 |
||